000 00785cam a2200325 4500
001 M1895
008 090401t1995 xxu||||| |||| 00| 0 eng d
035 _a(Sirsi) u35121
041 _aeng
050 _a333.330944
110 _aJones Lang Wootton
_92909
245 _aLe marche de l`immobilier d`enterprise en France. - 1994/1995
260 _aParis
_bJones Lang Wootton
_c1995
300 _a51p. ; 30cm.
350 _a0
520 _aText in French.
650 _aFRANCE
650 _aGRENOBLE
650 _aINVESTMENT MARKET
650 _aLILLE
650 _aLISLE DABEAU
650 _aLYON
650 _aOFFICES
650 _aPROPERTY MARKET
650 _aRENNES
650 _aTOULOUSE
690 _aOVERSEAS-EUROPE
942 _n0
948 _c04/03/1997
999 _c90048
_d90048